[Event "Liga Madrileña - DH 2015-2016"]
[Site "Madrid ESP"]
[Date "2016.01.17"]
[Round "6.41"]
[White "Vazquez Igarza, Renier"]
[Black "Moreno Trujillo, Alejandro"]
[Result "1/2-1/2"]
[WhiteElo "2565"]
[BlackElo "2504"]
[PlyCount "43"]
[EventDate "2015.11.22"]
[EventType "team-tourn"]
[EventRounds "14"]
[EventCountry "ESP"]
[Source "lmi"]
[SourceDate "2015.11.22"]
[WhiteTeam "Collado Villalba"]
[BlackTeam "64 Villalba"]
[WhiteTeamCountry "ESP"]
[BlackTeamCountry "ESP"]

1. d4 d5 2. c4 c6 3. Nc3 e6 4. e3 Bd6 5. Qc2 f5 6. Bd3 g6 7. f4 Nf6 8. Nf3 Ne4
9. Bd2 Bd7 10. O-O O-O 11. Be1 Na6 12. a3 Nxc3 13. Qxc3 dxc4 14. Bxc4 b5 15.
Ba2 Nc7 16. Bh4 Qe8 17. Ne5 Nd5 18. Qd3 Bc8 19. e4 fxe4 20. Qxe4 Bb7 21. Nd3
Qf7 22. Nc5 1/2-1/2

[Event "Liga Madrileña - DH 2015-2016"]
[Site "Madrid ESP"]
[Date "2016.01.17"]
[Round "6.42"]
[White "Fernandez de Bobadilla, Gabriel"]
[Black "Arribas Lopez, Angel"]
[Result "1/2-1/2"]
[WhiteElo "2260"]
[BlackElo "2526"]
[PlyCount "30"]
[EventDate "2015.11.22"]
[EventType "team-tourn"]
[EventRounds "14"]
[EventCountry "ESP"]
[Source "lmi"]
[SourceDate "2015.11.22"]
[WhiteTeam "64 Villalba"]
[BlackTeam "Collado Villalba"]
[WhiteTeamCountry "ESP"]
[BlackTeamCountry "ESP"]

1. d4 d6 2. c4 g6 3. Nc3 Bg7 4. e4 Nf6 5. h3 O-O 6. Bg5 Nbd7 7. Qd2 e5 8. d5 a5
9. Bd3 Nc5 10. Bc2 Qe8 11. g4 Kh8 12. Nge2 Bd7 13. Ng3 Ng8 14. Be3 Ne7 15. g5
f5 1/2-1/2

[Event "Liga Madrileña - DH 2015-2016"]
[Site "Madrid ESP"]
[Date "2016.01.17"]
[Round "6.43"]
[White "Moreno Ruiz, Javier"]
[Black "Longa Yauca, Javier"]
[Result "1-0"]
[WhiteElo "2435"]
[BlackElo "2232"]
[PlyCount "77"]
[EventDate "2015.11.22"]
[EventType "team-tourn"]
[EventRounds "14"]
[EventCountry "ESP"]
[Source "lmi"]
[SourceDate "2015.11.22"]
[WhiteTeam "Collado Villalba"]
[BlackTeam "64 Villalba"]
[WhiteTeamCountry "ESP"]
[BlackTeamCountry "ESP"]

1. d4 Nf6 2. c4 c6 3. Nc3 d5 4. cxd5 cxd5 5. Bf4 Nc6 6. e3 e6 7. Bd3 Bb4 8. Nf3
O-O 9. O-O a6 10. Rc1 Re8 11. Bb1 g6 12. Bg5 Be7 13. a3 Kg7 14. Qe2 Bd7 15.
Rfd1 b5 16. Ne5 Nxe5 17. dxe5 Ng8 18. Bxe7 Qxe7 19. e4 Qg5 20. exd5 exd5 21.
Nxd5 Rxe5 22. h4 Rxe2 23. hxg5 Rc8 24. Nc7 Re7 25. Nxa6 Rxc1 26. Rxc1 Re5 27.
Nc5 Be8 28. Ne4 Bd7 29. Rc5 Re8 30. Bd3 h6 31. gxh6+ Nxh6 32. f3 Rb8 33. Rc7
Be6 34. Nc5 Bf5 35. Nd7 Bxd7 36. Rxd7 b4 37. a4 Ra8 38. b3 Rc8 39. Bc4 1-0

[Event "Liga Madrileña - DH 2015-2016"]
[Site "Madrid ESP"]
[Date "2016.01.17"]
[Round "6.44"]
[White "Hapala, Elisabeth"]
[Black "Martin Duque, Jesus"]
[Result "0-1"]
[WhiteElo "2126"]
[BlackElo "2347"]
[PlyCount "96"]
[EventDate "2015.11.22"]
[EventType "team-tourn"]
[EventRounds "14"]
[EventCountry "ESP"]
[Source "lmi"]
[SourceDate "2015.11.22"]
[WhiteTeam "64 Villalba"]
[BlackTeam "Collado Villalba"]
[WhiteTeamCountry "ESP"]
[BlackTeamCountry "ESP"]

1. e4 e6 2. d4 d5 3. Nd2 Be7 4. Bd3 c5 5. dxc5 Nf6 6. Qe2 O-O 7. Ngf3 a5 8. O-O
Na6 9. e5 Nd7 10. c4 Naxc5 11. Bc2 b6 12. b3 Ba6 13. Rd1 f5 14. exf6 Bxf6 15.
Rb1 e5 16. Nf1 e4 17. Ne1 d4 18. Bxe4 Nxe4 19. Qxe4 Nc5 20. Qc2 Bb7 21. f3 Qe8
22. Bb2 Rd8 23. Qf2 Qg6 24. Ra1 d3 25. Bxf6 Rxf6 26. Qg3 Qh5 27. Rd2 Rg6 28.
Qc7 Rc8 29. Qf4 Rf8 30. Qe3 Re6 31. Qd4 Qg6 32. Ng3 Rfe8 33. Qf2 h5 34. Rad1 h4
35. Nf1 Re2 36. Qxh4 Bxf3 37. Qg3 Qxg3 38. hxg3 Be4 39. Nf3 Rf8 40. N1h2 Bb7
41. Rxe2 dxe2 42. Re1 Re8 43. Nd4 Rd8 44. Nxe2 Rd2 45. Nf3 Bxf3 46. gxf3 Nd3
47. Rb1 Rxe2 48. Ra1 Ne5 0-1

[Event "Liga Madrileña - DH 2015-2016"]
[Site "Madrid ESP"]
[Date "2016.01.17"]
[Round "6.45"]
[White "Ortega Ruiz, Jose Miguel"]
[Black "Blanco Samaniego, Alejandro"]
[Result "1-0"]
[WhiteElo "2288"]
[BlackElo "1868"]
[PlyCount "49"]
[EventDate "2015.11.22"]
[EventType "team-tourn"]
[EventRounds "14"]
[EventCountry "ESP"]
[Source "lmi"]
[SourceDate "2015.11.22"]
[WhiteTeam "Collado Villalba"]
[BlackTeam "64 Villalba"]
[WhiteTeamCountry "ESP"]
[BlackTeamCountry "ESP"]

1. d4 Nf6 2. c4 c5 3. d5 b5 4. Nf3 g6 5. cxb5 a6 6. e3 Bg7 7. Nc3 d6 8. e4 Nbd7
9. a4 O-O 10. Be2 axb5 11. Bxb5 Ba6 12. Bd2 Bxb5 13. axb5 Nb6 14. O-O Nc4 15.
Qb3 Nxd2 16. Nxd2 Nd7 17. Nc4 Nb6 18. Rxa8 Nxa8 19. b6 Bxc3 20. bxc3 Kg7 21. b7
Nc7 22. Qb6 e6 23. Rb1 exd5 24. Na5 Re8 25. b8=Q 1-0

[Event "Liga Madrileña - DH 2015-2016"]
[Site "Madrid ESP"]
[Date "2016.01.17"]
[Round "6.46"]
[White "Martinez Alvira, Santiago"]
[Black "Martinez Rodriguez, Pablo"]
[Result "0-1"]
[WhiteElo "1959"]
[BlackElo "2259"]
[PlyCount "130"]
[EventDate "2015.11.22"]
[EventType "team-tourn"]
[EventRounds "14"]
[EventCountry "ESP"]
[Source "lmi"]
[SourceDate "2015.11.22"]
[WhiteTeam "64 Villalba"]
[BlackTeam "Collado Villalba"]
[WhiteTeamCountry "ESP"]
[BlackTeamCountry "ESP"]

1. f4 Nf6 2. Nf3 c5 3. b3 g6 4. Bb2 Bg7 5. e3 O-O 6. Be2 d6 7. O-O Nc6 8. Qe1
e5 9. Qh4 exf4 10. exf4 Nh5 11. Qxd8 Rxd8 12. Bxg7 Kxg7 13. g3 Bg4 14. Nc3 Nb4
15. Rac1 Nf6 16. a3 Nc6 17. Kg2 a6 18. h3 Bd7 19. Bd3 b5 20. Ne4 Bf5 21. Rfe1
Bxe4 22. Bxe4 d5 23. Bd3 c4 24. Bf1 Re8 25. d3 c3 26. Kf2 Nd7 27. Bg2 f6 28.
Nh2 Nb6 29. Nf1 Nd4 30. Ne3 Rad8 31. Nd1 Rxe1 32. Kxe1 Re8+ 33. Kf2 Re2+ 34.
Kf1 Rxc2 35. Rxc2 Nxc2 36. Nxc3 Nxa3 37. Nxd5 Nxd5 38. Bxd5 Nc2 39. Ke2 a5 40.
Kd2 Nd4 41. Ke3 Nf5+ 42. Kf2 Kf8 43. g4 Ne7 44. Be6 Nc6 45. Ke3 Ke7 46. Bg8 h6
47. Ke4 Kd6 48. d4 f5+ 49. gxf5 gxf5+ 50. Kxf5 Ne7+ 51. Ke4 Nxg8 52. f5 Nf6+
53. Kd3 Kd5 54. Ke3 h5 55. Kd3 h4 56. Ke3 Ne4 57. Kf4 a4 58. bxa4 bxa4 59. Kg4
a3 60. Kxh4 a2 61. Kh5 a1=Q 62. h4 Qg1 63. Kh6 Qg8 64. h5 Nd6 65. f6 Nf7# 0-1

[Event "Liga Madrileña - DH 2015-2016"]
[Site "Madrid ESP"]
[Date "2016.01.23"]
[Round "7.11"]
[White "Beltran de Heredia Eguiaz, Miguel Angel"]
[Black "Valles Moreno, Ivan"]
[Result "1/2-1/2"]
[WhiteElo "2190"]
[BlackElo "2427"]
[PlyCount "67"]
[EventDate "2015.11.22"]
[EventType "team-tourn"]
[EventRounds "14"]
[EventCountry "ESP"]
[Source "lmi"]
[SourceDate "2015.11.22"]
[WhiteTeam "Vallecas CDV"]
[BlackTeam "Liberty Chess"]
[WhiteTeamCountry "ESP"]
[BlackTeamCountry "ESP"]

1. e4 e5 2. Nf3 Nc6 3. d4 exd4 4. Bc4 Nf6 5. e5 d5 6. Bb5 Ne4 7. Nxd4 Bc5 8.
Be3 Bxd4 9. Qxd4 O-O 10. Bxc6 bxc6 11. Nc3 Ng5 12. O-O-O Ne6 13. Qa4 Bd7 14.
Qa3 f6 15. exf6 Qxf6 16. Ne4 Qg6 17. Nc5 Nxc5 18. Qxc5 Rfe8 19. h4 h5 20. f3
Re5 21. Qc3 Rae8 22. Bxa7 Qh6+ 23. Qd2 Qg6 24. Qc3 Bf5 25. Bd4 Re2 26. Rd2 Qh6
27. Kd1 R2e7 28. Bc5 Re6 29. Bf2 Qf4 30. Qd4 Qd6 31. Qc5 Qe5 32. Qd4 Qd6 33.
Qc5 Qe5 34. Qd4 1/2-1/2

[Event "Liga Madrileña - DH 2015-2016"]
[Site "Madrid ESP"]
[Date "2016.01.23"]
[Round "7.12"]
[White "Perez Gonzalez, Jose Manuel"]
[Black "Montanes Arribas, Adrian"]
[Result "0-1"]
[WhiteElo "2340"]
[BlackElo "2173"]
[PlyCount "208"]
[EventDate "2015.11.22"]
[EventType "team-tourn"]
[EventRounds "14"]
[EventCountry "ESP"]
[Source "lmi"]
[SourceDate "2015.11.22"]
[WhiteTeam "Liberty Chess"]
[BlackTeam "Vallecas CDV"]
[WhiteTeamCountry "ESP"]
[BlackTeamCountry "ESP"]

1. e4 c5 2. Nf3 d6 3. d4 cxd4 4. Nxd4 Nf6 5. Nc3 a6 6. Bc4 e6 7. Bb3 Nbd7 8.
Bg5 Qa5 9. Qd2 Be7 10. O-O-O Nc5 11. Kb1 Qc7 12. Rhe1 Bd7 13. f4 h6 14. Bxf6
Bxf6 15. Nf3 O-O-O 16. Qxd6 Qxd6 17. Rxd6 Bc6 18. Rxd8+ Rxd8 19. e5 Be7 20. Rd1
Bxf3 21. gxf3 g5 22. Rxd8+ Kxd8 23. fxg5 hxg5 24. Ne2 Nd7 25. f4 gxf4 26. Nxf4
Nxe5 27. c3 Ng4 28. h3 Nf2 29. Kc2 Bd6 30. Nxe6+ fxe6 31. Bxe6 Be7 32. b4 Kc7
33. Bf5 Bg5 34. a4 Nh1 35. a5 Ng3 36. Bd3 Nh5 37. b5 axb5 38. Bxb5 Nf4 39. c4
Be7 40. h4 Bxh4 41. Kc3 Ne6 42. a6 Bf6+ 43. Kb4 Be7+ 44. Kc3 b6 45. Kd3 Kb8 46.
Ke4 Nc7 47. Bc6 Nxa6 48. Bd5 Kc7 49. Bg8 Kd6 50. Kd4 Bf6+ 51. Kd3 Kc5 52. Kc2
Nb8 53. Kd3 Nc6 54. Kc2 Bg7 55. Bf7 Ne5 56. Be8 Nxc4 57. Kb3 Na5+ 58. Ka4 Nc6
59. Bf7 b5+ 60. Ka3 Nd4 61. Bg8 b4+ 62. Ka4 Bh6 63. Bf7 Bd2 64. Bg8 Kd6 65. Bf7
Ke5 66. Bg8 Ke4 67. Bh7+ Ke3 68. Bg8 Kd3 69. Bf7 Kc3 70. Ba2 Be3 71. Ka5 Bf4
72. Bg8 Bc7+ 73. Ka4 Bd6 74. Bf7 b3 75. Bxb3 Nxb3 76. Kb5 Nd4+ 77. Kb6 Kc4 78.
Kb7 Kb5 79. Ka7 Kc6 80. Ka8 Ne6 81. Ka7 Nc5 82. Ka8 Nd7 83. Ka7 Nb6 84. Ka6 Bb8
85. Ka5 Nd5 86. Ka4 Kc5 87. Kb3 Nb4 88. Kc3 Bf4 89. Kb3 Bd2 90. Ka4 Nc6 91. Kb3
Nd4+ 92. Ka4 Kb6 93. Ka3 Kb5 94. Kb2 Bb4 95. Kc1 Kc4 96. Kd1 Kd3 97. Kc1 Ke2
98. Kb1 Kd2 99. Kb2 Bf8 100. Kb1 Ba3 101. Ka2 Bc1 102. Kb1 Kd1 103. Ka2 Kc2
104. Ka1 Nb5 0-1

[Event "Liga Madrileña - DH 2015-2016"]
[Site "Madrid ESP"]
[Date "2016.01.23"]
[Round "7.13"]
[White "Martin Garcia, Guillermo Li"]
[Black "Sanchez Gonzalez, Sergio"]
[Result "0-1"]
[WhiteElo "2165"]
[BlackElo "2300"]
[PlyCount "64"]
[EventDate "2015.11.22"]
[EventType "team-tourn"]
[EventRounds "14"]
[EventCountry "ESP"]
[Source "lmi"]
[SourceDate "2015.11.22"]
[WhiteTeam "Vallecas CDV"]
[BlackTeam "Liberty Chess"]
[WhiteTeamCountry "ESP"]
[BlackTeamCountry "ESP"]

1. e4 c5 2. b3 d6 3. Bb2 Nf6 4. Bb5+ Bd7 5. Bxd7+ Nbxd7 6. d3 g6 7. f4 Bg7 8.
Nf3 O-O 9. O-O b5 10. Nbd2 Qc7 11. Qe1 Rae8 12. Kh1 e5 13. f5 d5 14. Nh4 g5 15.
Nhf3 g4 16. Ng1 d4 17. Qh4 h5 18. Ne2 Kh7 19. Ng3 Rh8 20. c3 Kg8 21. cxd4 exd4
22. Ne2 Nd5 23. Rf2 Bf6 24. Qg3 Qxg3 25. hxg3 Nb4 26. Nf4 h4 27. Kg1 hxg3 28.
Rff1 Ne5 29. Rfd1 Nexd3 30. Nxd3 Nxd3 31. Bc1 Nf2 32. Re1 Rh1# 0-1

[Event "Liga Madrileña - DH 2015-2016"]
[Site "Madrid ESP"]
[Date "2016.01.23"]
[Round "7.14"]
[White "Fernandez Garcia, Miguel Angel"]
[Black "Montoya Pecurul, Marc"]
[Result "1-0"]
[WhiteElo "2334"]
[BlackElo "2123"]
[PlyCount "97"]
[EventDate "2015.11.22"]
[EventType "team-tourn"]
[EventRounds "14"]
[EventCountry "ESP"]
[Source "lmi"]
[SourceDate "2015.11.22"]
[WhiteTeam "Liberty Chess"]
[BlackTeam "Vallecas CDV"]
[WhiteTeamCountry "ESP"]
[BlackTeamCountry "ESP"]

1. d4 Nf6 2. c4 g6 3. Nc3 d5 4. Nf3 Bg7 5. Bg5 Ne4 6. cxd5 Nxg5 7. Nxg5 e6 8.
Qd2 h6 9. Nh3 exd5 10. Nf4 c6 11. e3 Bf5 12. Be2 O-O 13. g4 Be6 14. O-O-O b5
15. h4 Nd7 16. Kb1 Nb6 17. Rdf1 Nc4 18. Qc2 Qd6 19. Nxe6 Qxe6 20. Bxc4 dxc4 21.
Qe4 Qd6 22. h5 Rae8 23. Qc2 Qe6 24. Rhg1 c5 25. Nxb5 Rb8 26. Nc3 cxd4 27. exd4
Bxd4 28. Rg3 Rfe8 29. Rd1 Qf6 30. hxg6 fxg6 31. g5 hxg5 32. Na4 Re6 33. Qxc4
Bxb2 34. Rb3 Rxb3 35. axb3 Be5 36. Nc5 Kf7 37. Nxe6 Qxe6 38. Rd7+ Kf6 39. Qxe6+
Kxe6 40. Rxa7 Bd4 41. Ra6+ Kf5 42. f3 Be3 43. Kc2 Kf4 44. Rf6+ Ke5 45. Rxg6 Kd4
46. Re6 Bf2 47. Re4+ Kd5 48. Kd3 Bb6 49. Rg4 1-0

[Event "Liga Madrileña - DH 2015-2016"]
[Site "Madrid ESP"]
[Date "2016.01.23"]
[Round "7.15"]
[White "Ambrona Castellanos, Miguel"]
[Black "Martin Rueda, Daniel"]
[Result "0-1"]
[WhiteElo "2055"]
[BlackElo "2291"]
[PlyCount "114"]
[EventDate "2015.11.22"]
[EventType "team-tourn"]
[EventRounds "14"]
[EventCountry "ESP"]
[Source "lmi"]
[SourceDate "2015.11.22"]
[WhiteTeam "Vallecas CDV"]
[BlackTeam "Liberty Chess"]
[WhiteTeamCountry "ESP"]
[BlackTeamCountry "ESP"]

1. e4 c5 2. Nf3 e6 3. d4 cxd4 4. Nxd4 a6 5. Bd3 Bc5 6. Nb3 Be7 7. O-O d6 8. Be3
Nf6 9. Nc3 b5 10. e5 dxe5 11. Qf3 Nd5 12. Be4 Bb7 13. Rad1 O-O 14. Nxd5 exd5
15. Bxd5 Bxd5 16. Rxd5 Qc7 17. Bc5 Nc6 18. Rfd1 Rad8 19. c3 h6 20. h3 Rfe8 21.
Rxd8 Bxd8 22. Rd6 Nb8 23. Qd1 Qc8 24. Rd5 Bg5 25. Be3 Bxe3 26. fxe3 Nc6 27. Nd2
e4 28. Nb3 Ne5 29. Qd4 Nc4 30. Nd2 Nxb2 31. Nxe4 Qe6 32. Nc5 Qg6 33. e4 Nc4 34.
Rd8 Rxd8 35. Qxd8+ Kh7 36. Qd4 Qg5 37. Nd3 Ne3 38. Ne1 Qg3 39. Qd2 Nc4 40. Qf2
Qg6 41. Qf5 Nd6 42. Qxg6+ Kxg6 43. Nd3 Nxe4 44. c4 Kf5 45. cxb5 axb5 46. g4+
Ke6 47. Kg2 Nc3 48. Nc1 Ke5 49. Kf3 Kd4 50. Kf4 Nd5+ 51. Kf3 Nc3 52. Kf4 Nd5+
53. Kf3 Nc3 54. Kf4 b4 55. h4 Nxa2 56. Nxa2 b3 57. Nc1 b2 0-1

[Event "Liga Madrileña - DH 2015-2016"]
[Site "Madrid ESP"]
[Date "2016.01.23"]
[Round "7.16"]
[White "Pablos Tenrero, Raquel"]
[Black "Morona Minguez, Miguel"]
[Result "0-1"]
[WhiteElo "2077"]
[BlackElo "1885"]
[PlyCount "118"]
[EventDate "2015.11.22"]
[EventType "team-tourn"]
[EventRounds "14"]
[EventCountry "ESP"]
[Source "lmi"]
[SourceDate "2015.11.22"]
[WhiteTeam "Liberty Chess"]
[BlackTeam "Vallecas CDV"]
[WhiteTeamCountry "ESP"]
[BlackTeamCountry "ESP"]

1. e4 e6 2. d4 d5 3. Nc3 Bb4 4. a3 Bxc3+ 5. bxc3 dxe4 6. Qg4 Nf6 7. Qxg7 Rg8 8.
Qh6 c5 9. Ne2 Nc6 10. Qe3 Qa5 11. Bd2 Qa4 12. Qf4 Ke7 13. Qc7+ Bd7 14. dxc5 Nd5
15. Qd6+ Ke8 16. Nf4 Nf6 17. Rb1 Rd8 18. Bb5 Qxc2 19. O-O a6 20. Rfc1 Qa2 21.
Ba4 Na5 22. c6 Bxc6 23. Qe5 Nd5 24. Nxe6 Qxd2 25. Nxd8+ Kxd8 26. Bxc6 Nxc6 27.
Qd6+ Ke8 28. Rd1 Qg5 29. g3 Nde7 30. Rxb7 Kf8 31. Rc7 Kg7 32. Re1 Rd8 33. Qf4
Qxf4 34. gxf4 f5 35. Rb1 Kf6 36. Rb6 Rd1+ 37. Kg2 Rd6 38. Rxa6 Kf7 39. c4 Ke8
40. c5 Rg6+ 41. Kf1 Kd8 42. Rb7 Kc8 43. Rb1 Kc7 44. a4 Rg8 45. a5 Nd5 46. Rd1
Rd8 47. Ke1 Kb7 48. Rxc6 Kxc6 49. Rc1 Ra8 50. Ra1 Nxf4 51. Kd2 Nd3 52. f3 Nxc5
53. Ke3 Re8 54. fxe4 Rxe4+ 55. Kf3 Kd5 56. a6 Ra4 57. Rd1+ Ke5 58. Re1+ Ne4 59.
Rb1 Nd2+ 0-1

[Event "Liga Madrileña - DH 2015-2016"]
[Site "Madrid ESP"]
[Date "2016.01.23"]
[Round "7.21"]
[White "Moreno Trujillo, Alejandro"]
[Black "Taboas Rodriguez, Daniel"]
[Result "1-0"]
[WhiteElo "2504"]
[BlackElo "2394"]
[PlyCount "47"]
[EventDate "2015.11.22"]
[EventType "team-tourn"]
[EventRounds "14"]
[EventCountry "ESP"]
[Source "lmi"]
[SourceDate "2015.11.22"]
[WhiteTeam "64 Villalba"]
[BlackTeam "Blanco y Negro"]
[WhiteTeamCountry "ESP"]
[BlackTeamCountry "ESP"]

1. d4 Nf6 2. c4 g6 3. Nc3 Bg7 4. e4 d6 5. Nf3 O-O 6. h3 e5 7. d5 Nh5 8. g3 f5
9. Bg2 Na6 10. exf5 gxf5 11. Ng5 Nf6 12. g4 Qe8 13. Ne6 Bxe6 14. dxe6 Qxe6 15.
g5 Ne4 16. Nxe4 fxe4 17. Bxe4 c6 18. Qh5 Rf5 19. Bxf5 Qxf5 20. Qg4 Qc2 21. O-O
Kh8 22. Be3 d5 23. cxd5 cxd5 24. Rac1 1-0

[Event "Liga Madrileña - DH 2015-2016"]
[Site "Madrid ESP"]
[Date "2016.01.23"]
[Round "7.22"]
[White "Bolado Saez, Sergio"]
[Black "Perez Mitjans, Orelvis"]
[Result "1-0"]
[WhiteElo "2359"]
[BlackElo "2478"]
[PlyCount "57"]
[EventDate "2015.11.22"]
[EventType "team-tourn"]
[EventRounds "14"]
[EventCountry "ESP"]
[Source "lmi"]
[SourceDate "2015.11.22"]
[WhiteTeam "Blanco y Negro"]
[BlackTeam "64 Villalba"]
[WhiteTeamCountry "ESP"]
[BlackTeamCountry "ESP"]

1. d4 d5 2. c4 Nc6 3. Nf3 Bg4 4. Bf4 e6 5. e3 Nf6 6. h3 Bb4+ 7. Nc3 Bxf3 8.
Qxf3 Ne4 9. Rc1 Qe7 10. cxd5 Bxc3+ 11. bxc3 Qa3 12. Rc2 exd5 13. Bb5 O-O 14.
Bxc6 bxc6 15. O-O Rab8 16. Qe2 c5 17. Rfc1 Rb7 18. c4 dxc4 19. Qxc4 Rb4 20. Qd5
Qd3 21. f3 Nf6 22. Qxc5 Rfb8 23. Qxc7 h6 24. Qc3 Qg6 25. Bxb8 Rxb8 26. e4 Nh5
27. Qe3 Kh7 28. g4 Rb5 29. Rc5 1-0

[Event "Liga Madrileña - DH 2015-2016"]
[Site "Madrid ESP"]
[Date "2016.01.23"]
[Round "7.23"]
[White "Rodriguez Cespedes, Amador"]
[Black "Martinez Reyes, Pedro Ramon"]
[Result "1/2-1/2"]
[WhiteElo "2424"]
[BlackElo "2338"]
[PlyCount "122"]
[EventDate "2015.11.22"]
[EventType "team-tourn"]
[EventRounds "14"]
[EventCountry "ESP"]
[Source "lmi"]
[SourceDate "2015.11.22"]
[WhiteTeam "64 Villalba"]
[BlackTeam "Blanco y Negro"]
[WhiteTeamCountry "ESP"]
[BlackTeamCountry "ESP"]

1. e4 c5 2. Nf3 Nc6 3. d4 cxd4 4. Nxd4 g6 5. c4 Qa5+ 6. Nc3 Bg7 7. Be3 Nf6 8.
Nb3 Qc7 9. Be2 O-O 10. Rc1 d6 11. f4 Be6 12. O-O Na5 13. Nd5 Qd8 14. Bf3 Nxb3
15. Qxb3 Qd7 16. h3 Rfc8 17. Rfd1 Bxd5 18. exd5 b6 19. Kh2 Qc7 20. Re1 Nd7 21.
Bg4 Re8 22. Bf2 Nc5 23. Qc2 a5 24. b3 Rab8 25. Be2 e5 26. dxe6 Nxe6 27. g3 Nd4
28. Qd3 Nxe2 29. Rxe2 Rxe2 30. Qxe2 d5 31. Rd1 dxc4 32. Qxc4 Qxc4 33. bxc4 Rc8
34. Bxb6 Rxc4 35. Rd8+ Bf8 36. Bxa5 f5 37. Rd2 Bb4 38. Bxb4 Rxb4 39. a3 Ra4 40.
Rd3 Kf7 41. Kg2 h5 42. Kf3 Kf6 43. Rb3 Kf7 44. h4 Re4 45. Rb1 Ke6 46. Ra1 Ra4
47. Ke3 Kd5 48. Kd3 Kc5 49. Kc3 Rc4+ 50. Kb3 Re4 51. Rc1+ Kd4 52. Rd1+ Kc5 53.
Rc1+ Kb5 54. Rc3 Ka5 55. Kc2 Kb5 56. Kd3 Ra4 57. Kc2 Re4 58. Kd3 Re6 59. Rc8
Ra6 60. Rb8+ Ka4 61. Ke3 Kxa3 1/2-1/2

[Event "Liga Madrileña - DH 2015-2016"]
[Site "Madrid ESP"]
[Date "2016.01.23"]
[Round "7.24"]
[White "Alarcia Astiz, Carlos"]
[Black "Fernandez de Bobadilla, Gabriel"]
[Result "1-0"]
[WhiteElo "2337"]
[BlackElo "2260"]
[PlyCount "157"]
[EventDate "2015.11.22"]
[EventType "team-tourn"]
[EventRounds "14"]
[EventCountry "ESP"]
[Source "lmi"]
[SourceDate "2015.11.22"]
[WhiteTeam "Blanco y Negro"]
[BlackTeam "64 Villalba"]
[WhiteTeamCountry "ESP"]
[BlackTeamCountry "ESP"]

1. e4 c5 2. Nf3 Nc6 3. d4 cxd4 4. Nxd4 g6 5. f4 Bg7 6. Nf3 d6 7. Bd3 Nh6 8. Nc3
Bd7 9. O-O O-O 10. Kh1 Rc8 11. a3 Kh8 12. f5 Ng4 13. Qe1 e6 14. Ng5 Nce5 15. h3
Nf6 16. Qh4 h6 17. Nf3 Nh5 18. Qxd8 Ng3+ 19. Kg1 Rcxd8 20. Nxe5 Bxe5 21. Rf3
exf5 22. Bxh6 Rfe8 23. Bg5 Rc8 24. exf5 Bc6 25. Bf6+ Bxf6 26. Rxg3 g5 27. Kf1
d5 28. Re1 Rxe1+ 29. Kxe1 Re8+ 30. Kd1 d4 31. Ne2 Re3 32. Rg4 Kg7 33. Ke1 Kf8
34. Kf2 Re5 35. Nxd4 Bd7 36. c3 Rd5 37. Ke3 b5 38. Rg3 a5 39. Rf3 b4 40. axb4
axb4 41. g4 bxc3 42. bxc3 Rc5 43. c4 Re5+ 44. Kd2 Ra5 45. Nc2 Be5 46. Be4 Bf4+
47. Kc3 Re5 48. Bd5 Re2 49. Nd4 Re1 50. Nb5 Bxb5 51. cxb5 Rb1 52. Bc6 Ke7 53.
Rd3 Kf6 54. Kc4 Bc7 55. Rd7 Rc1+ 56. Kb3 Ba5 57. Bd5 Ke5 58. Bxf7 Rb1+ 59. Ka4
Ra1+ 60. Kb3 Rb1+ 61. Kc2 Rxb5 62. Bc4 Rc5 63. Kd3 Kf4 64. f6 Bb4 65. Rb7 Ba3
66. Ra7 Bb2 67. f7 Rc8 68. Ra5 Rd8+ 69. Kc2 Be5 70. Bb5 Rc8+ 71. Kb3 Bd6 72.
Be8 Rc5 73. Rxc5 Bxc5 74. Kc4 Bf8 75. Kd5 Kg3 76. Bd7 Kf4 77. Ke6 Ba3 78. Bc8
Bb4 79. Kd7 1-0

[Event "Liga Madrileña - DH 2015-2016"]
[Site "Madrid ESP"]
[Date "2016.01.23"]
[Round "7.25"]
[White "Cabanas Jimenez, Andres"]
[Black "Renteria Becerra, Jorge Elicer"]
[Result "1/2-1/2"]
[WhiteElo "2245"]
[BlackElo "2244"]
[PlyCount "57"]
[EventDate "2015.11.22"]
[EventType "team-tourn"]
[EventRounds "14"]
[EventCountry "ESP"]
[Source "lmi"]
[SourceDate "2015.11.22"]
[WhiteTeam "64 Villalba"]
[BlackTeam "Blanco y Negro"]
[WhiteTeamCountry "ESP"]
[BlackTeamCountry "ESP"]

1. e4 d6 2. d4 Nf6 3. Nc3 e5 4. Nge2 Nbd7 5. f3 Be7 6. Be3 O-O 7. Qd2 c6 8. g4
b5 9. Ng3 Nb6 10. Nf5 b4 11. Nd1 Bxf5 12. gxf5 Re8 13. dxe5 dxe5 14. Qxd8 Raxd8
15. Nf2 Nfd7 16. O-O-O Bc5 17. Ng4 Bxe3+ 18. Nxe3 Nc5 19. Rxd8 Rxd8 20. Be2 Kf8
21. Ng4 f6 22. Rg1 a5 23. Nf2 Kf7 24. Rg3 g6 25. Ng4 Kg7 26. h4 a4 27. b3 Ra8
28. Kb2 Rd8 29. Kc1 1/2-1/2

[Event "Liga Madrileña - DH 2015-2016"]
[Site "Madrid ESP"]
[Date "2016.01.23"]
[Round "7.26"]
[White "Iagar, Razvan Gabriel"]
[Black "Ruperez Benito, Antonio"]
[Result "0-1"]
[WhiteElo "2150"]
[BlackElo "2218"]
[PlyCount "88"]
[EventDate "2015.11.22"]
[EventType "team-tourn"]
[EventRounds "14"]
[EventCountry "ESP"]
[Source "lmi"]
[SourceDate "2015.11.22"]
[WhiteTeam "Blanco y Negro"]
[BlackTeam "64 Villalba"]
[WhiteTeamCountry "ESP"]
[BlackTeamCountry "ESP"]

1. d4 e6 2. c4 d5 3. Nc3 Be7 4. cxd5 exd5 5. Nf3 c6 6. Qc2 Nf6 7. Bg5 Nbd7 8.
e3 Nf8 9. Bd3 g6 10. O-O Ne6 11. Bh4 O-O 12. Rab1 a5 13. a3 Ng7 14. Rfc1 Bf5
15. Ne5 Bxd3 16. Nxd3 Nf5 17. Bxf6 Bxf6 18. Ne2 Nd6 19. a4 Re8 20. b3 h5 21.
Nef4 Qe7 22. Nc5 Kg7 23. h3 Rh8 24. Qd1 Bg5 25. Qf3 Nf5 26. g3 h4 27. g4 Nd6
28. Kg2 Ne4 29. Rb2 Rhe8 30. Rbc2 Rad8 31. Ncd3 Bf6 32. Nc5 Ng5 33. Qe2 b6 34.
Ncd3 Qe4+ 35. f3 Qxe3 36. Qxe3 Rxe3 37. Rxc6 Rxf3 38. Rxb6 Rg3+ 39. Kh1 Nxh3
40. Rc7 Nxf4 41. Nxf4 Re8 42. Nxd5 Re1+ 43. Kh2 Re2+ 44. Kh1 Bd8 0-1

[Event "Liga Madrileña - DH 2015-2016"]
[Site "Madrid ESP"]
[Date "2016.01.23"]
[Round "7.31"]
[White "Candela Perez, Jose"]
[Black "Vazquez Igarza, Renier"]
[Result "0-1"]
[WhiteElo "2412"]
[BlackElo "2565"]
[PlyCount "110"]
[EventDate "2015.11.22"]
[EventType "team-tourn"]
[EventRounds "14"]
[EventCountry "ESP"]
[Source "lmi"]
[SourceDate "2015.11.22"]
[WhiteTeam "La Casa del Ajedrez"]
[BlackTeam "Collado Villalba"]
[WhiteTeamCountry "ESP"]
[BlackTeamCountry "ESP"]

1. e4 c5 2. Nf3 e6 3. c3 Nf6 4. e5 Nd5 5. Bc4 d6 6. d4 cxd4 7. cxd4 Nc6 8. O-O
Be7 9. a3 O-O 10. Bd3 Bd7 11. Qe2 Rc8 12. Qe4 f5 13. exf6 Nxf6 14. Qe2 Qe8 15.
Nc3 Qh5 16. h3 Nd5 17. Ng5 Qxe2 18. Nxe2 h6 19. Ne4 Na5 20. Be3 Nc4 21. Bxc4
Rxc4 22. Rac1 Rxc1 23. Rxc1 Bc6 24. N2c3 Nf4 25. Rd1 a6 26. f3 Nd5 27. Nxd5
Bxd5 28. Nc3 Bb3 29. Rc1 d5 30. Ne2 Bd6 31. Kf2 Bc4 32. Rc3 a5 33. Nc1 a4 34.
Nd3 Bxd3 35. Rxd3 Rc8 36. Ke2 Kf7 37. Kd1 Rc4 38. b3 axb3 39. Rxb3 Kf6 40. Rxb7
Bxa3 41. Rb3 Bb4 42. Rd3 h5 43. Bf4 Kf7 44. Be5 Be7 45. Ke2 Bf6 46. Bxf6 gxf6
47. g3 Kg6 48. f4 Rc2+ 49. Rd2 Rc1 50. Kf3 Rc3+ 51. Kf2 Kf5 52. Re2 Rd3 53. g4+
hxg4 54. hxg4+ Kxg4 55. Rxe6 f5 0-1